| 000 | 00614nam a2200145Ia 4500 | ||
|---|---|---|---|
| 008 | 250506s9999 xx 000 0 und d | ||
| 024 | _a17B-063-EE, 17B-067-EE, 17B-097-EE & 17B-098-EE | ||
| 082 | _a621.55072 ASI | ||
| 100 | _aMuhammad Omer Asif, Hassan Ali Khan Jatoi, Ali Raza Memon & Muhammad Waseem Akhter | ||
| 245 | 0 | _aSemi Automatic Aerosol Gas Filling Machine (with CD) | |
| 260 |
_aKarachi: _bUIT, _c2017 |
||
| 600 | _aElectronic Engineering | ||
| 650 | _aBachelor of Engineering (BE) | ||
| 856 |
_uhttps://drive.google.com/file/d/1bGwPOaUXOtK1aZy7vEx7bnTbDoy97dy0/view?usp=sharing _yClick here for PDF |
||
| 999 |
_c29005 _d29005 |
||